Statistiques concernant Paroles - Le petit renne au nez rouge

Cliquez ici pour prendre le quiz!

Statistiques générales

  • Ce quiz a été pris 60 fois
  • Le résultat moyen est 124 sur 211

Statistiques - réponses

Mots% Correct
s'
100%
à
98%
l'
98%
Le
98%
le
98%
C'
96%
renne
96%
rouge
96%
Rouge
96%
nez
94%
Nez
94%
au
92%
Au
92%
d'
92%
petit
92%
un
88%
et
86%
Et
86%
il
86%
qu'
84%
Qu'
84%
Ce
82%
ce
82%
en
78%
la
78%
Une
78%
une
78%
Comme
74%
comme
74%
dans
74%
On
72%
Noël
70%
son
70%
Son
70%
de
68%
est
68%
Père
66%
qui
66%
était
64%
les
62%
mignon
60%
lui
58%
nuit
58%
Pour
58%
du
56%
neige
56%
p'tit
56%
Tu
56%
Ah
54%
Avec
54%
noir
54%
Dès
52%
des
52%
que
52%
allait
50%
appelait
48%
beaucoup
48%
ciel
48%
coup
48%
jusqu'
48%
soir"
48%
aimait
46%
dire
46%
dit :
46%
lumignon
46%
Pleurer
46%
rire
46%
ton
46%
"Viens
46%
faisait
44%
boire
42%
entendit
42%
fée
42%
paradis
42%
moquait
40%
Si
40%
Quand
38%
Chacun
36%
consoler,
36%
rennes
36%
ange
34%
ses
34%
char
32%
chariot
30%
Finlande
30%
vent
28%
Vous
28%
vous
28%
conduiras
26%
étoile
26%
recouvre
26%
travers
26%
Nez Rouge
24%
verte
24%
vos
24%
roi
22%
Annonçant
20%
encore
20%
fait
20%
grande
20%
minuit
20%
parle
20%
Plus
20%
Ainsi
18%
cieux
18%
fillettes
18%
garçons
18%
leçons
18%
point
18%
savez
18%
sonnera
18%
très
18%
lande
16%
bouge
14%
entraîne
14%
envieux
14%
traversent
14%
troupeau
14%
baba
12%
frères
12%
resta
12%
routes
12%
allure
10%
aussi
10%
Devant
10%
digne
10%
ébats
10%
leste
10%
Maintenant
10%
Suivre
10%
virent
10%
célestes
8%

Distribution des résultats

Percentile par nombre de réponses

% des personnes avec chaque résultat

Votre développement - résultats

Vous n’avez pas pris ce quiz